<?xml version="1.0" encoding="UTF-8"?>
<record
    xmlns:xsi="http://www.w3.org/2001/XMLSchema-instance"
    xsi:schemaLocation="http://www.loc.gov/MARC21/slim http://www.loc.gov/standards/marcxml/schema/MARC21slim.xsd"
    xmlns="http://www.loc.gov/MARC21/slim">

  <leader>01837nam a22002177a 4500</leader>
  <controlfield tag="003">OSt</controlfield>
  <controlfield tag="005">20210709134815.0</controlfield>
  <controlfield tag="008">120608t        xxu||||| |||| 00| 0 eng d</controlfield>
  <datafield tag="020" ind1=" " ind2=" ">
    <subfield code="a">9780071051606</subfield>
  </datafield>
  <datafield tag="040" ind1=" " ind2=" ">
    <subfield code="c">LC</subfield>
  </datafield>
  <datafield tag="050" ind1=" " ind2=" ">
    <subfield code="a">HG4026.R71</subfield>
  </datafield>
  <datafield tag="245" ind1=" " ind2=" ">
    <subfield code="a">Fundamentals corporate finance . /</subfield>
    <subfield code="c">Stephen A. Ross...[et al.] </subfield>
  </datafield>
  <datafield tag="250" ind1=" " ind2=" ">
    <subfield code="a">8th ed.</subfield>
    <subfield code="b">(Canadian edition)</subfield>
  </datafield>
  <datafield tag="260" ind1=" " ind2=" ">
    <subfield code="a">New York:</subfield>
    <subfield code="b">McGraw- Hill,</subfield>
    <subfield code="c">2013.</subfield>
  </datafield>
  <datafield tag="300" ind1=" " ind2=" ">
    <subfield code="a">xxviii, 804 p .:</subfield>
    <subfield code="b">ill.;</subfield>
  </datafield>
  <datafield tag="500" ind1=" " ind2=" ">
    <subfield code="a">Includes index.</subfield>
  </datafield>
  <datafield tag="505" ind1=" " ind2=" ">
    <subfield code="a">Contents: 1. Overview of corporate finance: Introduction to corporate finance -- Financial statements, cash flow an taxes --  2. Financial statements and long-term financial planning : Working with financial statements -- Long-term financial planning and corporate growth -- 3.Valuation of future cash flows: Introduction to valuation -- Discounted cash flow valuation -- Interest rates and bond valuation -- Stock valuation 4. Capital budgeting: Net present value and other investment criteria -- Making capital investment decisions -- Project analysis and evaluation -- 5. Risk and returns: Lessons from capital market history -- Return, risk, and the security market line -- 6. Cost of capital and long-term financial policy: Cost of capital -- Raising capital -- Financial leverage and capital structure policy -- Dividends and dividend policy -- 7. Short-term financial planning and management: Short-term finance and planning -- Cash and liquidity management -- Credit and inventory management -- 8. Topics in corporate finance: International corporate finance -- Leasing -- Mergers and acquisition -- 9. Derivative securities and corporate finance: Enterprise risk management -- Options and corporate securities -- Behavioural finance -- 


</subfield>
  </datafield>
  <datafield tag="653" ind1=" " ind2=" ">
    <subfield code="a">Corporations -- Finance</subfield>
  </datafield>
  <datafield tag="700" ind1=" " ind2=" ">
    <subfield code="q">Ross, Stephen A.</subfield>
  </datafield>
  <datafield tag="942" ind1=" " ind2=" ">
    <subfield code="2">lcc</subfield>
    <subfield code="c">BK</subfield>
  </datafield>
  <datafield tag="999" ind1=" " ind2=" ">
    <subfield code="c">7720</subfield>
    <subfield code="d">15220</subfield>
  </datafield>
  <datafield tag="952" ind1=" " ind2=" ">
    <subfield code="0">0</subfield>
    <subfield code="1">0</subfield>
    <subfield code="2">lcc</subfield>
    <subfield code="4">0</subfield>
    <subfield code="7">0</subfield>
    <subfield code="a">WIUC-KL</subfield>
    <subfield code="b">WIUC-KL</subfield>
    <subfield code="c">GEN</subfield>
    <subfield code="d">2019-10-30</subfield>
    <subfield code="o">HG4026.F86(8e)</subfield>
    <subfield code="p">K/963/963/19</subfield>
    <subfield code="r">2021-07-09 00:00:00</subfield>
    <subfield code="t">1</subfield>
    <subfield code="w">2021-07-09</subfield>
    <subfield code="y">BK</subfield>
  </datafield>
  <datafield tag="952" ind1=" " ind2=" ">
    <subfield code="0">0</subfield>
    <subfield code="1">0</subfield>
    <subfield code="2">lcc</subfield>
    <subfield code="4">0</subfield>
    <subfield code="7">0</subfield>
    <subfield code="a">WIUC-KL</subfield>
    <subfield code="b">WIUC-KL</subfield>
    <subfield code="c">GEN</subfield>
    <subfield code="d">2019-10-31</subfield>
    <subfield code="o">HG4026.F861(8e)</subfield>
    <subfield code="p">K/1057/1057/19</subfield>
    <subfield code="r">2021-07-09 00:00:00</subfield>
    <subfield code="t">2</subfield>
    <subfield code="w">2021-07-09</subfield>
    <subfield code="y">BK</subfield>
  </datafield>
  <datafield tag="952" ind1=" " ind2=" ">
    <subfield code="0">0</subfield>
    <subfield code="1">0</subfield>
    <subfield code="2">lcc</subfield>
    <subfield code="4">0</subfield>
    <subfield code="7">0</subfield>
    <subfield code="a">WIUC-1</subfield>
    <subfield code="b">WIUC-1</subfield>
    <subfield code="c">REF</subfield>
    <subfield code="d">2022-06-29</subfield>
    <subfield code="l">0</subfield>
    <subfield code="o">HG4026.F86(8e)</subfield>
    <subfield code="p">8450/102/20</subfield>
    <subfield code="r">2022-06-29 00:00:00</subfield>
    <subfield code="t">1</subfield>
    <subfield code="w">2022-06-29</subfield>
    <subfield code="y">BK</subfield>
  </datafield>
</record>
